[Event "Hazel Park (MCO/6/39)"]
[Site "?"]
[Date "1987.??.??"]
[Round "?"]
[White "Bolda, Dan G"]
[Black "Kelly, M.."]
[Result "1-0"]
[WhiteElo "1840"]
[BlackElo "1605"]
[PlyCount "59"]
[EventDate "1987.??.??"]

{6/(39)} 1. d4 d5 2. e4 dxe4 3. Nc3 Nf6 4. f3 exf3 5. Nxf3 Bg4 6. Be2 e6 7. O-O
Nc6 8. Be3 Bb4 9. a3 Ba5 10. Na4 Bb6 11. Nxb6 cxb6 12. b4 O-O 13. c4 Re8 14. b5
Nb8 15. Qc2 Bf5 16. Qb2 a6 17. Ng5 h6 18. Nf3 Qd6 19. Nh4 Bg4 20. Bd3 Bh5 21.
Bxh6 gxh6 22. Rxf6 Qe7 23. Qf2 Rf8 24. Qg3+ Bg6 25. Raf1 Nd7 26. Bxg6 Nxf6 27.
Bd3+ Kh8 28. Qe5 Rae8 29. Rxf6 Qd7 30. Rxh6+ 1-0

[Event "Hazel Park (MCO/4/33)"]
[Site "?"]
[Date "1987.??.??"]
[Round "?"]
[White "Bolda, Dan G"]
[Black "Dautremont, J.."]
[Result "0-1"]
[WhiteElo "1840"]
[BlackElo "1605"]
[PlyCount "87"]
[EventDate "1987.??.??"]

{4/(33)} 1. d4 e6 2. e4 d6 3. c4 Nd7 4. Nc3 Be7 5. Nf3 Bf6 6. Be3 Ne7 7. Bd3
Ng6 8. O-O c6 9. Re1 e5 10. d5 c5 11. a3 a6 12. b4 b6 13. Qd2 Nh4 14. Be2 h6
15. Reb1 Nf8 16. bxc5 bxc5 17. h3 Nxf3+ 18. Bxf3 h5 19. Na4 Nd7 20. Ra2 g5 21.
Rab2 Kf8 22. Qd1 Kg7 23. Bxh5 Qg8 24. Bg4 Qh7 25. f3 Nf8 26. Bxc8 Rxc8 27. Rb8
Rxb8 28. Rxb8 g4 29. fxg4 Qxe4 30. Qe2 Bg5 31. Kf2 Bxe3+ 32. Qxe3 Qc2+ 33. Kg3
Qxa4 34. h4 Qxc4 35. Qg5+ Ng6 36. Rxh8 Kxh8 37. Qf6+ Kg8 38. Qxd6 Qf4+ 39. Kh3
Qe3+ 40. Kh2 Qf4+ 41. Kh3 Qh6 42. Qd8+ Qf8 43. Qg5 Qe7 44. Qh5 0-1

[Event "Hazel Park (MCO/2/7)"]
[Site "?"]
[Date "1987.??.??"]
[Round "?"]
[White "Bolda, Dan G"]
[Black "Carroll, Deuvoy"]
[Result "0-1"]
[WhiteElo "1840"]
[BlackElo "2150"]
[PlyCount "48"]
[EventDate "1987.??.??"]

{2/(7)} 1. c4 Nf6 2. Nc3 e5 3. d3 d5 4. cxd5 Nxd5 5. Nf3 Nc6 6. g3 Be6 7. Bg2
Be7 8. O-O Qd7 9. Re1 f6 10. a3 O-O 11. Qc2 a5 12. Ne4 a4 13. Nc5 Bxc5 14. Qxc5
Nde7 15. Nd2 b6 16. Qc2 Nd4 17. Qb1 Rad8 18. e3 Ndc6 19. d4 exd4 20. exd4 Nxd4
21. Qe4 Rfe8 22. Qd3 Nec6 23. b4 axb3 24. Bb2 Qf7 0-1

[Event "Lansing (MI Op/6/12)"]
[Site "?"]
[Date "1987.??.??"]
[Round "?"]
[White "Bohley, D.."]
[Black "Ward, Tom"]
[Result "0-1"]
[WhiteElo "2090"]
[BlackElo "1965"]
[PlyCount "82"]
[EventDate "1987.??.??"]

{6/(12)} 1. e4 c5 2. b4 cxb4 3. Bb2 Nc6 4. d4 d5 5. exd5 Qxd5 6. c4 bxc3 7.
Nxc3 Qa5 8. d5 Ne5 9. Nf3 Nxf3+ 10. Qxf3 Bd7 11. Bc4 Rc8 12. Bb3 g6 13. O-O Bg7
14. Rac1 Nh6 15. Rfe1 O-O 16. Rxe7 Bg4 17. Qd3 Qb4 18. Ree1 Rfe8 19. Qd2 Rxe1+
20. Qxe1 a5 21. h3 Bd7 22. Ba1 Nf5 23. Bd1 h5 24. Bf3 Nd4 25. Be4 Nf5 26. Bf3
Nd6 27. Ne2 Rxc1 28. Qxc1 Bf5 29. Bxg7 Kxg7 30. Qc3+ Qxc3 31. Nxc3 b5 32. Kf1
Kf6 33. Ke1 Ke5 34. Kd2 b4 35. Nd1 Be4 36. Bxe4 Nxe4+ 37. Kd3 Kxd5 38. Ne3+ Ke5
39. Nc4+ Kf5 40. f3 Nc5+ 41. Kd4 Ne6+ $138 0-1

[Event "Lansing (MI Op/1a/11)"]
[Site "?"]
[Date "1987.??.??"]
[Round "?"]
[White "Bohley, D.."]
[Black "Halstead, Kevin"]
[Result "1-0"]
[WhiteElo "2090"]
[BlackElo "1805"]
[PlyCount "47"]
[EventDate "1987.??.??"]

1. e4 c5 2. b4 b6 3. bxc5 bxc5 4. Nf3 d6 5. Bc4 e6 6. Nc3 g6 7. O-O Bg7 8. Rb1
Ne7 9. Bb2 Nbc6 10. Ne2 Bxb2 11. Rxb2 Na5 12. Bb5+ Bd7 13. d4 Bxb5 14. Rxb5
cxd4 15. Qxd4 O-O 16. Rd1 d5 17. Qe3 Kg7 18. Qc3+ Kg8 19. Qxa5 Qc8 20. Rc5 Qb7
21. Rc7 Nc6 22. Rxb7 Nxa5 23. Rb5 dxe4 24. Ne5 1-0

[Event "Lansing (MI Op/3/12)"]
[Site "?"]
[Date "1987.??.??"]
[Round "?"]
[White "Bohley, D.."]
[Black "Braak, Dairen"]
[Result "0-1"]
[WhiteElo "2090"]
[BlackElo "1880"]
[PlyCount "82"]
[EventDate "1987.??.??"]

{3/(12)} 1. e4 c5 2. b4 b6 3. bxc5 bxc5 4. Nf3 Nc6 5. Bc4 e6 6. O-O Rb8 7. Nc3
Nge7 8. Re1 Ng6 9. e5 f6 10. exf6 gxf6 11. d3 Kf7 12. Bd2 Rg8 13. Qe2 a6 14.
Rab1 Rxb1 15. Rxb1 Qc7 16. Kh1 Nf4 17. Bxf4 Qxf4 18. g3 Qg4 19. Qe4 Qxe4 20.
dxe4 Na5 21. Be2 Be7 22. Nd2 Rd8 23. Rb6 Nc6 24. a3 Nd4 25. Bd3 d5 26. exd5
exd5 27. Bxh7 c4 28. Ncb1 Bc5 29. Rb8 Nc6 30. Rb2 Kg7 31. Kg2 Kxh7 32. c3 Re8
33. Nf3 Ne5 34. Re2 Bg4 35. Nbd2 Rb8 36. h3 Bxf3+ 37. Nxf3 Nxf3 38. Kxf3 Rb3
39. Re6 Rxc3+ 40. Kg4 Rxa3 41. Rxf6 c3 0-1

[Event "Allendale (MI Am/2/7)"]
[Site "?"]
[Date "1987.??.??"]
[Round "?"]
[White "Boes, Jeff"]
[Black "Wysocki, Jason"]
[Result "1-0"]
[WhiteElo "1880"]
[BlackElo "1700"]
[PlyCount "146"]
[EventDate "1987.??.??"]

{2/(7)} 1. e4 Nf6 2. Nc3 d5 3. e5 Nfd7 4. d4 c5 5. Nxd5 cxd4 6. c4 e6 7. Nf4
Qa5+ 8. Bd2 Qxe5+ 9. Be2 Nc6 10. Nd3 Qc7 11. f4 Bd6 12. Rc1 a5 13. Nf3 O-O 14.
O-O e5 15. c5 Be7 16. fxe5 Ndxe5 17. Nfxe5 Nxe5 18. Bf4 Bf6 19. Qa4 Bd7 20. Qc2
Bc6 21. Rce1 Rfe8 22. Bg4 Re7 23. Re2 Bb5 24. Rd1 Bxd3 25. Rxd3 Qd8 26. Bxe5
Rxe5 27. Rxe5 Bxe5 28. Rh3 g6 29. Qe4 Qc7 30. Qd5 Rd8 31. Qc4 Bd6 32. Rf3 Rf8
33. Be6 Bxc5 34. Bd5 b6 35. Qd3 Qe5 36. Bb3 Qe1+ 37. Rf1 Qe3+ 38. Qxe3 dxe3 39.
Re1 e2+ 40. Kh1 Re8 41. Bc4 Bf2 42. Rxe2 Rxe2 43. Bxe2 Kf8 44. g3 Ke7 45. Kg2
Bd4 46. b3 Kd6 47. a4 Ke5 48. Bc4 f5 49. Bg8 h6 50. Kf3 g5 51. h3 h5 52. Bf7
g4+ 53. hxg4 hxg4+ 54. Kg2 Ke4 55. Be6 Ke5 56. Bf7 Kf6 57. Bg8 Kg5 58. Bf7 Be5
59. Bd5 Bxg3 60. Kxg3 f4+ 61. Kg2 Kf5 62. Kf2 Ke5 63. Bc6 Kf5 64. Bd7+ Kg5 65.
Be6 Kh4 66. Kg2 f3+ 67. Kf2 Kh5 68. Kg3 Kg5 69. Bxg4 f2 70. Be2 Kf5 71. Kxf2
Ke4 72. Bc4 Kd4 73. Kf3 Ke5 1-0

[Event "Allendale (MI Am/5/1)"]
[Site "?"]
[Date "1987.??.??"]
[Round "?"]
[White "Boes, Jeff"]
[Black "Skidmore, Mike"]
[Result "0-1"]
[WhiteElo "1880"]
[BlackElo "1905"]
[PlyCount "74"]
[EventDate "1987.??.??"]

{5/(1)} 1. e4 c5 2. Nf3 d6 3. Bb5+ Bd7 4. Bxd7+ Nxd7 5. c3 Ngf6 6. Qe2 e6 7.
O-O Be7 8. d3 Rc8 9. Bf4 O-O 10. Nbd2 Nh5 11. Be3 Nhf6 12. Bf4 Nb6 13. a4 d5
14. e5 Nh5 15. Be3 g6 16. d4 cxd4 17. Nxd4 a6 18. g4 Ng7 19. f4 Nc4 20. Nxc4
dxc4 21. Qf3 Qc7 22. Qh3 Rfe8 23. Rae1 Red8 24. Rf3 Bc5 25. Rg3 Bxd4 26. Bxd4
Qa5 27. Rf1 Rd7 28. f5 exf5 29. gxf5 Qd5 30. Qh6 Qe4 31. f6 Ne6 32. Be3 Rd3 33.
h4 Qxe5 34. Rff3 Rd1+ 35. Kf2 Qe4 36. Kg2 Rcd8 37. Rg4 Qxg4+ 0-1

[Event "Lansing (MI Op/3/20)"]
[Site "?"]
[Date "1987.??.??"]
[Round "?"]
[White "Boes, Jeff"]
[Black "Levine, H.."]
[Result "1/2-1/2"]
[WhiteElo "1905"]
[BlackElo "2065"]
[PlyCount "38"]
[EventDate "1987.??.??"]

{3/(20)} 1. e4 Nc6 2. Nc3 d6 3. d4 Nf6 4. Be2 g6 5. f4 Bg7 6. d5 Nb8 7. Nf3 c6
8. O-O O-O 9. Be3 cxd5 10. exd5 Nbd7 11. Qe1 Qa5 12. Rd1 Nb6 13. a3 Re8 14. b4
Qxa3 15. Ra1 Qxb4 16. Rb1 Qa3 17. Rb3 Qa5 18. Rb5 Qa3 19. Rb3 Qa5 1/2-1/2

[Event "Lansing (MI Op/5/16)"]
[Site "?"]
[Date "1987.??.??"]
[Round "?"]
[White "Boes, Jeff"]
[Black "Kulbacki, James"]
[Result "0-1"]
[WhiteElo "1905"]
[BlackElo "2125"]
[PlyCount "90"]
[EventDate "1987.??.??"]

{5/(16)} 1. e4 e6 2. d4 d5 3. Nc3 Nf6 4. Bg5 Be7 5. e5 Ng8 6. h4 Bxg5 7. hxg5
Qxg5 8. Nh3 Qe7 9. Qg4 f5 10. Qh5+ g6 11. Qd1 Nh6 12. Be2 Nc6 13. Qd2 Nf7 14.
O-O-O Bd7 15. f4 O-O-O 16. Rh2 Kb8 17. Qe3 Bc8 18. a3 b6 19. Rdh1 h6 20. Ng1
Rdg8 21. Na2 Bb7 22. g4 Na5 23. gxf5 gxf5 24. Bh5 Nc4 25. Qc3 Rg7 26. Ne2 Nd8
27. Ng3 c5 28. Rh3 Rhg8 29. Nf1 Rg1 30. Be2 cxd4 31. Qxd4 Rxh1 32. Rxh1 Nc6 33.
Qc3 d4 34. Qe1 N6xe5 35. Bxc4 Nxc4 36. Rxh6 Be4 37. Nb4 Rg1 38. Qe2 Ne3 39.
Rh8+ Kc7 40. Na6+ Kd6 41. Qb5 Rxf1+ 42. Kd2 Rd1+ 43. Ke2 Bf3+ 44. Kf2 Rf1+ 45.
Kg3 Qg7+ 0-1

[Event "Lansing (MI Op/1b/10)"]
[Site "?"]
[Date "1987.??.??"]
[Round "?"]
[White "Boes, Jeff"]
[Black "Haluska, James"]
[Result "0-1"]
[WhiteElo "1905"]
[BlackElo "2090"]
[PlyCount "102"]
[EventDate "1987.??.??"]

1. Nc3 g6 2. e4 Bg7 3. d4 d6 4. f4 Nd7 5. Nf3 c5 6. Be3 Ngf6 7. h3 O-O 8. Bd3
cxd4 9. Nxd4 Nc5 10. f5 e5 11. Nb3 Nxb3 12. axb3 gxf5 13. Bg5 Qb6 14. Qf3 d5
15. Bxf6 dxe4 16. Bxe4 Qxf6 17. Bxb7 Qh4+ 18. Kf1 e4 19. Bxe4 fxe4 20. Nxe4 Bb7
21. Ra4 Rae8 22. Qg3 Qxg3 23. Nxg3 a6 24. Kf2 Bxb2 25. Nf5 Re6 26. Rd1 Be5 27.
Rd7 Rf6 28. Rxb7 Rxf5+ 29. Ke2 Rf6 30. Ra7 Rc8 31. Rg4+ Kf8 32. c4 Rb8 33. Rh4
Kg7 34. Rg4+ Kh6 35. Rh4+ Kg7 36. Rg4+ Rg6 37. Rxa6 Rxg4 38. hxg4 Rxb3 39. Ra5
Bf6 40. Rd5 Rg3 41. c5 Rxg4 42. Kf3 Rc4 43. g4 h6 44. Ke3 Be7 45. Rd7 Bf8 46.
Rc7 Rxc5 47. Rxc5 Bxc5+ 48. Ke4 Kf6 49. Kf3 Kg5 50. Kg3 Bd6+ 51. Kh3 Be5 0-1

[Event "Hazel Park (MCO/6/47)"]
[Site "?"]
[Date "1987.??.??"]
[Round "?"]
[White "Bewick, J.."]
[Black "Sturgis, Derreck"]
[Result "1-0"]
[WhiteElo "1605"]
[BlackElo "1605"]
[PlyCount "149"]
[EventDate "1987.??.??"]

{6/(47)} 1. e4 c5 2. Nf3 d6 3. d4 cxd4 4. Nxd4 Nf6 5. Nc3 a6 6. Be2 e6 7. Be3
Be7 8. Qd2 Nbd7 9. Nb3 O-O 10. O-O-O Qc7 11. f4 b6 12. g4 Bb7 13. Bf3 a5 14. g5
a4 15. Nd4 Ne8 16. f5 Ne5 17. Rdf1 Nc4 18. Qf2 Nxb2 19. Kxb2 a3+ 20. Kb3 f6 21.
Nxe6 Qd7 22. Nxf8 Kxf8 23. Bxb6 fxg5 24. e5 dxe5 25. Rd1 Qc8 26. Bxb7 Qxb7 27.
Rd5 Bf6 28. Rhd1 Qf7 29. Bc5+ Kg8 30. Qd2 Rb8+ 31. Kc4 Nc7 32. Bxa3 Nxd5 33.
Qxd5 Qxd5+ 34. Nxd5 Rc8+ 35. Kd3 Ra8 36. Nxf6+ gxf6 37. Bd6 Rd8 38. Ke4 Kf7 39.
c4 Ke8 40. c5 Rd7 41. a4 h5 42. c6 Ra7 43. c7 Ra8 44. Kd5 Kd7 45. Rc1 h4 46.
c8=Q+ Rxc8 47. Rxc8 Kxc8 48. Ke6 g4 49. Kxf6 g3 50. hxg3 hxg3 51. Bxe5 g2 52.
Bd4 Kd7 53. Bg1 Kd8 54. a5 Kc7 55. Ke7 Kc6 56. f6 Kb5 57. f7 Kxa5 58. f8=Q Kb5
59. Qf2 Kc4 60. Qxg2 Kc3 61. Ke6 Kc4 62. Qd2 Kb5 63. Kd6 Ka6 64. Qd3+ Ka5 65.
Qa3+ Kb5 66. Qc5+ Ka4 67. Kd5 Kb3 68. Bd4 Ka4 69. Bc3 Kb3 70. Kd4 Kc2 71. Qc4
Kd1 72. Ke3 Kc2 73. Bd4+ Kd1 74. Qe2+ Kc1 75. Qd2+ 1-0

[Event "Hazel Park (MCO/3/44)"]
[Site "?"]
[Date "1987.??.??"]
[Round "?"]
[White "Bewick, J.."]
[Black "Small, R.."]
[Result "0-1"]
[WhiteElo "1605"]
[BlackElo "1745"]
[PlyCount "56"]
[EventDate "1987.??.??"]

{3/(44)} 1. e4 e5 2. Nf3 Nc6 3. Bc4 h6 4. c3 Nf6 5. d4 exd4 6. cxd4 Nxe4 7. Qe2
d5 8. Nc3 Bb4 9. O-O Bxc3 10. bxc3 O-O 11. Bd3 f5 12. Ne5 Nxe5 13. dxe5 Nxc3
14. Qh5 Qe8 15. Qh4 c5 16. Re1 Be6 17. f3 c4 18. Bc2 b5 19. g4 fxg4 20. fxg4 d4
21. Bxh6 d3 22. Bxg7 Kxg7 23. Qg5+ Qg6 24. Qe7+ Rf7 25. Qh4 Bxg4 26. Re3 Ne2+
27. Kg2 Bh3+ 28. Kh1 Qg2# 0-1

[Event "Hazel Park (MCO/5/48)"]
[Site "?"]
[Date "1987.??.??"]
[Round "?"]
[White "Bewick, H.."]
[Black "Haney, Mark"]
[Result "0-1"]
[WhiteElo "1605"]
[BlackElo "1605"]
[PlyCount "72"]
[EventDate "1987.??.??"]

{5/(48)} 1. d4 Nf6 2. c4 g6 3. g3 Bg7 4. Nc3 d6 5. Bg2 Nbd7 6. e3 O-O 7. Nge2
e5 8. O-O Re8 9. Qc2 c6 10. e4 exd4 11. Nxd4 Ne5 12. b3 Neg4 13. Bg5 h6 14.
Bxf6 Bxf6 15. Rad1 h5 16. h3 Nh6 17. f4 h4 18. g4 Nxg4 19. hxg4 Bxg4 20. Rd3
Bxd4+ 21. Rxd4 h3 22. Bf3 Qh4 23. Qh2 Bxf3 24. Rxf3 Qe1+ 25. Rf1 Qxc3 26. Rxd6
Rxe4 27. Rd2 Rae8 28. Qf2 Re3 29. Rfd1 Rg3+ 30. Kh1 Qf3+ 31. Qxf3 Rxf3 32. Kh2
Kg7 33. Rd7 Re2+ 34. Kh1 Rff2 35. Rxb7 Rh2+ 36. Kg1 Reg2+ 0-1

[Event "Allendale (MI Am/2/1)"]
[Site "?"]
[Date "1987.??.??"]
[Round "?"]
[White "Bennett, E.."]
[Black "Brown, Dan"]
[Result "1-0"]
[WhiteElo "1995"]
[BlackElo "1880"]
[PlyCount "59"]
[EventDate "1987.??.??"]

{2/(1)} 1. e4 c6 2. Nc3 d5 3. exd5 cxd5 4. d4 Nf6 5. Bd3 Nc6 6. Nf3 Bg4 7. Be2
e6 8. O-O Be7 9. Ne5 Nxe5 10. dxe5 Bxe2 11. Qxe2 Nd7 12. Re1 O-O 13. Nb5 Nb6
14. Qg4 Kh8 15. Nd4 Rc8 16. Re3 g6 17. Rh3 h5 18. Qf4 Qd7 19. Qh6+ Kg8 20. g4
Rfe8 21. gxh5 Bf8 22. Qg5 Qe7 23. Qg3 Rc4 24. Bg5 Qd7 25. c3 Bg7 26. Kh1 Rc7
27. Rg1 Nc4 28. Bf6 Bf8 29. hxg6 fxg6 30. Rh8+ 1-0

[Event "Allendale (MI Am/4/1)"]
[Site "?"]
[Date "1987.??.??"]
[Round "?"]
[White "Bennett, E.."]
[Black "Boes, Jeff"]
[Result "0-1"]
[WhiteElo "1995"]
[BlackElo "1880"]
[PlyCount "102"]
[EventDate "1987.??.??"]

{4/(1)} 1. Nf3 d5 2. g3 Nf6 3. Bg2 c5 4. d3 e6 5. O-O Be7 6. Nbd2 Nc6 7. c4 d4
8. Ng5 Qc7 9. a3 Nd7 10. Nh3 O-O 11. e4 dxe3 12. fxe3 Bf6 13. Ne4 Be5 14. Nf4
Rd8 15. Qc2 Ne7 16. Ng5 Nf6 17. Nf3 Nf5 18. e4 Bd4+ 19. Kh1 Ne3 20. Bxe3 Bxe3
21. e5 Ng4 22. Qe2 Qd7 23. Rad1 Rb8 24. h3 Bxf4 25. gxf4 Nh6 26. Ng5 Nf5 27.
Kh2 h6 28. Ne4 Qd4 29. Rfe1 b5 30. Bf3 b4 31. a4 b3 32. Qd2 Rb4 33. Nc3 a6 34.
Be4 Bb7 35. Bxb7 Rxb7 36. Re4 Qd7 37. Qg2 Qe7 38. Qf2 Rbd7 39. Qf3 Qh4 40. Rd2
Nd4 41. Qd1 Nf5 42. Qf3 Rd4 43. Rxd4 Rxd4 44. Ne4 Qe1 45. Re2 Qd1 46. Nxc5 Rxf4
47. Qa8+ Kh7 48. Rg2 Rf1 49. Rxg7+ Kxg7 50. Qg2+ Kh7 51. Nd7 Qc2 0-1

[Event "Lansing (MI Op/4/17)"]
[Site "?"]
[Date "1987.??.??"]
[Round "?"]
[White "Beaver, Andrew"]
[Black "Schweikert, G.."]
[Result "1-0"]
[WhiteElo "2125"]
[BlackElo "1925"]
[PlyCount "69"]
[EventDate "1987.??.??"]

{4/(17)} 1. c4 e6 2. Nc3 Nf6 3. e4 d5 4. e5 Nfd7 5. f4 d4 6. Ne4 b6 7. Nf3 Bb7
8. d3 c5 9. Be2 Nc6 10. O-O Be7 11. Bd2 O-O 12. Nfg5 h6 13. Nh3 f6 14. exf6
Nxf6 15. Nxf6+ Bxf6 16. Bg4 Qd6 17. Nf2 e5 18. Ne4 Qe7 19. Qe2 exf4 20. Nxf6+
Rxf6 21. Qxe7 Nxe7 22. Bxf4 Nc6 23. Bd2 Rg6 24. Bf3 Nd8 25. Bxb7 Nxb7 26. Rae1
b5 27. Re7 Nd6 28. cxb5 Nxb5 29. Rc1 Nd6 30. Rxc5 Rb8 31. b3 Rc8 32. Rxc8+ Nxc8
33. Re8+ Kf7 34. Rxc8 Ra6 35. a4 1-0

[Event "Lansing (MI Op/6/5)"]
[Site "?"]
[Date "1987.??.??"]
[Round "?"]
[White "Beaver, Andrew"]
[Black "Czuhai, Kevin"]
[Result "1-0"]
[WhiteElo "2125"]
[BlackElo "2275"]
[PlyCount "87"]
[EventDate "1987.??.??"]

{6/(5)} 1. c4 e5 2. Nc3 Nc6 3. Nf3 Nf6 4. g3 d5 5. cxd5 Nxd5 6. Bg2 Be6 7. O-O
Be7 8. a3 O-O 9. d3 f5 10. e4 Nb6 11. b4 Qd6 12. Re1 h6 13. Bf1 Rad8 14. Bb2 f4
15. Nb5 Qd7 16. d4 fxg3 17. hxg3 Nc4 18. Bxc4 Bxc4 19. d5 Bxb5 20. dxc6 Qxd1
21. Raxd1 Rxf3 22. Rxd8+ Bxd8 23. cxb7 Rf8 24. b8=Q Bc4 25. Qxa7 Re8 26. Qa8
Bf7 27. Qc6 Re6 28. Qa8 Re8 29. Rd1 Bf6 30. Qc6 Bh5 31. g4 Bg6 32. a4 Rf8 33.
a5 Kh7 34. Bc1 Be7 35. a6 Bd6 36. a7 Be8 37. Qxd6 cxd6 38. a8=Q Kg8 39. Qd5+
Bf7 40. Qxd6 h5 41. g5 h4 42. Qxe5 h3 43. Bb2 h2+ 44. Kxh2 1-0

[Event "Lansing (MI Op/2/27)"]
[Site "?"]
[Date "1987.??.??"]
[Round "?"]
[White "Beaver, Andrew"]
[Black "Bolda, M.."]
[Result "1/2-1/2"]
[WhiteElo "2125"]
[BlackElo "1840"]
[PlyCount "59"]
[EventDate "1987.??.??"]

{2/(27)} 1. c4 c5 2. Nc3 Nc6 3. Nf3 Nf6 4. g3 g6 5. Bg2 Bg7 6. O-O O-O 7. d4
cxd4 8. Nxd4 Nxd4 9. Qxd4 d6 10. e4 Be6 11. Qd3 Ng4 12. b3 Rc8 13. Bd2 Qb6 14.
h3 Ne5 15. Qc2 Nxc4 16. bxc4 Rxc4 17. Rab1 Qc7 18. Rfc1 Rc8 19. Qd3 Bxc3 20.
Bxc3 Rxc3 21. Rxc3 Qxc3 22. Qxc3 Rxc3 23. Rxb7 Kf8 24. Rxa7 Rc2 25. Ra8+ Kg7
26. a4 Ra2 27. h4 Ra1+ 28. Kh2 Ra2 29. Kg1 Ra1+ 30. Kh2 1/2-1/2

[Event "Lansing (MI Op/7/4)"]
[Site "?"]
[Date "1987.??.??"]
[Round "?"]
[White "Beaver, Andrew"]
[Black "Andrews, Steve"]
[Result "0-1"]
[WhiteElo "2125"]
[BlackElo "2245"]
[PlyCount "70"]
[EventDate "1987.??.??"]

{7/(4)} 1. c4 Nf6 2. Nc3 g6 3. e4 d6 4. d4 Bg7 5. f3 O-O 6. Be3 e5 7. d5 Nh5 8.
Qd2 Qh4+ 9. Bf2 Qe7 10. Nge2 f5 11. O-O-O a6 12. Kb1 Qf7 13. Be3 Nd7 14. Nc1
Ndf6 15. Bd3 Bd7 16. N1e2 b5 17. a3 Rfb8 18. c5 b4 19. axb4 Rxb4 20. c6 Bc8 21.
Na2 Rbb8 22. Nac3 a5 23. Kc2 fxe4 24. Bxe4 Rb4 25. Ra1 Nf4 26. Nxf4 exf4 27.
Bxf4 Rab8 28. Ra2 Ba6 29. Rb1 Bc4 30. Rxa5 Nxe4 31. fxe4 Bb3+ 32. Kc1 Rd4 33.
Qe3 g5 34. Bg3 Qf1+ 35. Qe1 Qd3 0-1

[Event "Lansing (MI Op/5/3)"]
[Site "?"]
[Date "1987.??.??"]
[Round "?"]
[White "Baze, Lineas"]
[Black "Czuhai, Kevin"]
[Result "1-0"]
[WhiteElo "2075"]
[BlackElo "2275"]
[PlyCount "77"]
[EventDate "1987.??.??"]

{5/(3)} 1. e4 c5 2. Nf3 d6 3. d4 cxd4 4. Nxd4 Nf6 5. Nc3 g6 6. Be2 Nc6 7. O-O
Bg7 8. Nb3 O-O 9. f4 a5 10. a4 Qb6+ 11. Kh1 Nb4 12. Bf3 Be6 13. Ra3 Rac8 14.
Re1 Rfd8 15. Be3 Qa6 16. Nd4 Bc4 17. f5 d5 18. e5 Ne4 19. e6 f6 20. Bxe4 dxe4
21. fxg6 Bxe6 22. Qh5 hxg6 23. Qxg6 Bf7 24. Qg4 Rxd4 25. Qxc8+ Kh7 26. Qf5+ Bg6
27. Qh3+ Kg8 28. Bxd4 Nxc2 29. Qg3 Kf7 30. Nb5 Nxe1 31. Qxe1 Bf8 32. Qc1 e5 33.
Qc7+ Kg8 34. Qc4+ Kh7 35. Rh3+ Kg7 36. Be3 Be7 37. Bh6+ Kh7 38. Bf8+ Bh5 39.
Qf7+ 1-0

[Event "Lansing (MI Op/4/6)"]
[Site "?"]
[Date "1987.??.??"]
[Round "?"]
[White "Baze, Lineas"]
[Black "Cooper, T.."]
[Result "1-0"]
[WhiteElo "2075"]
[BlackElo "2200"]
[PlyCount "51"]
[EventDate "1987.??.??"]

{4/(6)} 1. e4 c6 2. d4 d5 3. Nc3 dxe4 4. Nxe4 Nd7 5. Nf3 Ngf6 6. Ng3 e6 7. Be2
c5 8. O-O b6 9. b3 Bb7 10. Bb2 Be7 11. dxc5 Nxc5 12. Bb5+ Kf8 13. Nd4 h5 14. b4
Ncd7 15. Nc6 Qc7 16. Nxe7 Kxe7 17. Re1 Rad8 18. Qd2 a6 19. Qg5 Rhg8 20. Bxd7
Qxd7 21. Bxf6+ gxf6 22. Nf5+ Kf8 23. Qh6+ Ke8 24. Qxf6 Bxg2 25. Ng7+ Kf8 26.
Nxe6+ 1-0

[Event "Lansing (MI Op/7/3)"]
[Site "?"]
[Date "1987.??.??"]
[Round "?"]
[White "Baze, Lineas"]
[Black "Baudry, Pascal"]
[Result "1-0"]
[WhiteElo "2075"]
[BlackElo "2160"]
[PlyCount "79"]
[EventDate "1987.??.??"]

{7/(3)} 1. e4 e5 2. Nf3 Nc6 3. Bc4 Nf6 4. d4 exd4 5. O-O Nxe4 6. Re1 d5 7. Bxd5
Qxd5 8. Nc3 Qa5 9. Nxd4 Nxd4 10. Qxd4 Be6 11. Rxe4 Bc5 12. Qd3 O-O 13. Rh4 f5
14. Qh3 Qb6 15. Rxh7 Bxf2+ 16. Kh1 Rfe8 17. Qh5 Kf8 18. Rh8+ Ke7 19. Bg5+ Kd7
20. Rd1+ Bd4 21. Rxe8 Rxe8 22. Ne2 Bd5 23. Rxd4 Qxd4 24. Qxe8+ Kxe8 25. Nxd4 g6
26. a3 Kd7 27. Kg1 c5 28. Nf3 Ke6 29. Kf2 Be4 30. c3 a5 31. Nd2 Bd5 32. g3 b5
33. Be3 c4 34. Bb6 a4 35. Ke3 Bc6 36. Nf3 Be8 37. Kd4 Kd6 38. Bc5+ Ke6 39. Bf8
Kf6 40. Bh6 1-0

[Event "Hazel Park (MCO/3/16)"]
[Site "?"]
[Date "1987.??.??"]
[Round "?"]
[White "Bauerle, Paul"]
[Black "Thurman, John"]
[Result "1-0"]
[WhiteElo "2045"]
[BlackElo "1735"]
[PlyCount "72"]
[EventDate "1987.??.??"]

{3/(16)} 1. d4 d5 2. c4 dxc4 3. Nf3 Nf6 4. e3 Bg4 5. Bxc4 e6 6. O-O c5 7. Qa4+
Nbd7 8. Ne5 Bf5 9. dxc5 Bxc5 10. Bb5 Ke7 11. Rd1 Nxe5 12. Rxd8 Rhxd8 13. b4 Bb6
14. Nc3 Rac8 15. Bb2 Rd2 16. Qa3 Bc2 17. Bc1 Rd6 18. Qb2 Bd3 19. Bd2 Rcd8 20.
Be1 Bxb5 21. Nxb5 Nd3 22. Qe2 Rd5 23. a4 a6 24. Nc3 R5d7 25. a5 Bc7 26. Na4 Bd6
27. Nb6 Rc7 28. Rb1 Be5 29. f4 Bc3 30. Bxc3 Rxc3 31. Na4 Rc7 32. h3 h5 33. b5
Ne4 34. Qxh5 Rd5 35. Qh4+ f6 36. Qh7 Kf7 1-0

[Event "Hazel Park (MCO/5/17)"]
[Site "?"]
[Date "1987.??.??"]
[Round "?"]
[White "Bauerle, Paul"]
[Black "Ball, Ed"]
[Result "1-0"]
[WhiteElo "2045"]
[BlackElo "1785"]
[PlyCount "95"]
[EventDate "1987.??.??"]

{5/(17)} 1. d4 Nf6 2. c4 e5 3. dxe5 Ng4 4. Nf3 Nc6 5. Bf4 Bb4+ 6. Nc3 Bxc3+ 7.
bxc3 Qe7 8. Qd5 Qa3 9. Rc1 Qxa2 10. h3 Nh6 11. e4 Qa5 12. Bd3 b6 13. O-O Bb7
14. Ra1 Qxd5 15. cxd5 Ne7 16. Nd4 c6 17. Bxh6 gxh6 18. d6 Ng6 19. f4 h5 20. Ba6
Rb8 21. g3 h4 22. g4 O-O 23. Nf5 c5 24. Bxb7 Rxb7 25. Nh6+ Kg7 26. g5 a5 27.
Ng4 Ra8 28. f5 Nf8 29. Rf2 b5 30. Raf1 b4 31. g6 b3 32. f6+ Kxg6 33. Rg2 h6 34.
Ne3+ Kh7 35. Rg7+ Kh8 36. Nf5 Ne6 37. Rxf7 b2 38. Rb1 a4 39. Ne7 a3 40. Ng6+
Kg8 41. Re7 Rf8 42. Kh2 Rf7 43. Re8+ Nf8 44. Rg1 Rxf6 45. exf6 Kf7 46. Rxf8+
Ke6 47. Re8+ Kxf6 48. Nh8 1-0

[Event "East Detroit (MEX/3)"]
[Site "?"]
[Date "1987.??.??"]
[Round "?"]
[White "Baudry, Pascal"]
[Black "Robison, B.."]
[Result "1-0"]
[WhiteElo "2180"]
[BlackElo "2045"]
[PlyCount "97"]
[EventDate "1987.??.??"]

1. e3 e6 2. f4 d5 3. Nf3 Nf6 4. b3 Be7 5. Bb2 b6 6. Bb5+ c6 7. Bd3 Bb7 8. O-O
Nbd7 9. f5 exf5 10. Bxf5 O-O 11. Ne5 Nxe5 12. Bxe5 Bc8 13. Bd3 Ng4 14. Bf4 Bd6
15. h3 Bxf4 16. Rxf4 Nh6 17. Qh5 f5 18. c4 Qf6 19. Nc3 Be6 20. cxd5 cxd5 21.
Raf1 Rad8 22. Nb5 Qb2 23. Nd4 Qxd2 24. Qe2 Qxe2 25. Bxe2 Bd7 26. Bf3 Bc8 27.
Nc6 Rd7 28. Bxd5+ Kh8 29. Bc4 Re8 30. Nd4 Rdd8 31. Nc6 Rd2 32. R4f2 Rxf2 33.
Kxf2 a5 34. Rd1 g6 35. Rd6 f4 36. e4 Bb7 37. Kf3 Rf8 38. Bd5 Nf7 39. Bxf7 Rxf7
40. Nd8 Re7 41. Nxb7 Rxb7 42. Kxf4 Kg7 43. Ke5 Kf7 44. Kd5 b5 45. Kc6 Rb8 46.
Rd7+ Ke6 47. Rxh7 a4 48. Rb7 axb3 49. Rxb8 1-0

[Event "Lansing (MI Op/2/9)"]
[Site "?"]
[Date "1987.??.??"]
[Round "?"]
[White "Baudry, Pascal"]
[Black "Mellen, Steve"]
[Result "1-0"]
[WhiteElo "2160"]
[BlackElo "1955"]
[PlyCount "113"]
[EventDate "1987.??.??"]

{2/(9)} 1. e3 d6 2. d4 Nf6 3. c3 g6 4. Nd2 Bg7 5. Bd3 O-O 6. Ne2 Nbd7 7. e4 c5
8. f4 e6 9. O-O b6 10. Nc4 Qc7 11. e5 dxe5 12. dxe5 Ne8 13. Ng3 b5 14. Be4 Rb8
15. Ne3 f6 16. f5 exf5 17. Nd5 Qa5 18. Ne7+ Kh8 19. Nc6 Qb6 20. e6 Rb7 21. Bd5
Ne5 22. Nxe5 fxe5 23. Bxb7 Bxb7 24. e7 Rf6 25. Qe2 Re6 26. Be3 Qc6 27. Qf2 Nf6
28. Rad1 Rxe7 29. Bxc5 Rd7 30. Rxd7 Qxd7 31. Qe2 Qc6 32. b4 Nd5 33. Rd1 Bf6 34.
Qc2 a5 35. a3 axb4 36. cxb4 e4 37. Nxe4 fxe4 38. Qxe4 Ne7 39. Rd8+ Kg7 40. Qxc6
Bxc6 41. Rb8 Nf5 42. Rb6 Bd4+ 43. Kh1 Bxc5 44. Rxc6 Be3 45. Rc7+ Kh6 46. Rb7
Nd6 47. Rd7 Nc4 48. Rd3 Bc1 49. a4 Nb2 50. Rc3 Bg5 51. a5 Bd8 52. Rc5 Nd3 53.
a6 Bb6 54. Rxb5 Ba7 55. Rb7 Bd4 56. b5 Nc5 57. a7 1-0

[Event "Lansing (MI Op/6/8)"]
[Site "?"]
[Date "1987.??.??"]
[Round "?"]
[White "Baudry, Pascal"]
[Black "Kebrdle, M.."]
[Result "1-0"]
[WhiteElo "2160"]
[BlackElo "2095"]
[PlyCount "52"]
[EventDate "1987.??.??"]

{6/(8)} 1. e3 g6 2. f4 Bg7 3. Nf3 d6 4. d4 Nf6 5. Bd3 Nbd7 6. c3 O-O 7. O-O e5
8. e4 exf4 9. Bxf4 Nh5 10. Bg5 Qe8 11. Nbd2 Nb6 12. Qe1 f6 13. Be3 d5 14. exd5
Nxd5 15. Bc4 c6 16. Qf2 Kh8 17. Rae1 Qd8 18. Qh4 Nxe3 19. Rxe3 Bh6 20. Re2 Bxd2
21. Nxd2 Bd7 22. Ne4 Bf5 23. Nc5 b6 24. Rxf5 bxc5 25. Rxc5 Re8 26. Rxh5 Re7 1-0